PHYSICS FOR THE LIFE SCIENCE (Record no. 216300)

MARC details
000 -LEADER
fixed length control field 00513nam a22001817a 4500
008 - FIXED-LENGTH DATA ELEMENTS--GENERAL INFORMATION
fixed length control field 251127b |||||||| |||| 00| 0 eng d
020 ## - INTERNATIONAL STANDARD BOOK NUMBER
International Standard Book Number 13:978-0-17-650238-3
050 ## - LIBRARY OF CONGRESS CALL NUMBER
Classification number QC 23.P 659 2013
100 ## - MAIN ENTRY--PERSONAL NAME
Personal name ALLMANG-ZINKE MARTIN
245 ## - TITLE STATEMENT
Title PHYSICS FOR THE LIFE SCIENCE
250 ## - EDITION STATEMENT
Edition statement 2nd
260 ## - PUBLICATION, DISTRIBUTION, ETC.
Place of publication, distribution, etc. UNITED STATES OF AMERICA
Name of publisher, distributor, etc. NELSON EDUCATION
Date of publication, distribution, etc. 2013
300 ## - PHYSICAL DESCRIPTION
Extent X,677
500 ## - GENERAL NOTE
General note INCLUDES AN INDEX
650 ## - SUBJECT ADDED ENTRY
Topical term or geographic name entry element general physics textbooks lifer sciences
942 ## - ADDED ENTRY ELEMENTS (KOHA)
Source of classification or shelving scheme Library of Congress Classification
Koha item type Long Loan Book

No items available.